|
|
|
|
| LEADER |
00622nab a2200157 i 4500 |
| 001 |
misc5423 |
| 005 |
20191106142723.0 |
| 008 |
170607s1929 hu o 0|| hun d |
| 040 |
|
|
|a SZTE Miscellanea Repozitórium
|b hun
|
| 041 |
|
|
|a hun
|
| 245 |
0 |
0 |
|a Haszonbérleti jog viszterhes átruházása ingó adásvételi illetékköteles ügylet
|h [elektronikus dokumentum]
|
| 260 |
|
|
|c 1929
|
| 300 |
|
|
|a 317-318b
|
| 490 |
0 |
|
|a Polgári jog : a hazai és külföldi magánjog és hiteljog szemléje
|v 5
|
| 695 |
|
|
|a Illeték adásvétel bérleti jog
|
| 856 |
4 |
0 |
|u http://misc.bibl.u-szeged.hu/5423/1/polgari_jog_1929_317-318b.pdf
|z Dokumentum-elérés
|